000 00446nam a22001697a 4500
003 OSt
008 241108b |||||||| |||| 00| 0 eng d
020 _a8171640494
082 _a631.587
_bRAN/TE
100 _aKumar, Ranvir
_96407
245 _aTextbook of drainage engineering /
250 _a1
260 _aNew Delhi :
_bIndian Council of Agricultural Research,
_c2005
300 _a344 p.
700 _aSingh, Joginder
_96408
942 _cBK
999 _c13630
_d13630